Parts of Prescription-(Pharmacy) - Statistics

General Stats
  • This quiz has been taken 18 times
  • The average score is 3 of 7
Answer Stats
Hint Answer % Correct
The symbol ℞ (Latin "recipe," meaning "take") that indicates the start of the prescription. Superscription
72%
Directions for the patient, specifying how to take the medication (e.g., dosage, frequency, route of administration). Signa
56%
to make the prescription a legal document Signature of the prescriber
56%
Includes the patient's name, age, gender, and sometimes weight Patient's information
44%
-What is the pharmacist to take off the shelf. It also includes the name of the drug, dose, types of dosages form) Inscription
39%
The name, address, qualification, telephone number and license number Prescriber's information
22%
Instructions to the pharmacist, such as the quantity to dispense or how to prepare the medication. Subscription
22%
No matching quizzes found
Score Distribution
Percent of People with Each Score
Percentile by Number Answered
Your Score History
You have not taken this quiz